000 00985cam a2200313 a 4500
001 11770
003 BD-RjUL
005 20211208235159.0
008 140127t1990 hk a b 000 0 eng d
035 _a(BD-RjUL)
035 _a(OCoLC)ocm12082547
035 _a(CStRLIN)NYCG91-B55357
035 _a(BD-RjUL)11819
035 _a(NNC)969070
040 _aMnSU
_cMnSU
_dNjP
_dNNC
_dBD-RjUL
_beng
041 1 _aeng
_bfreger
082 0 4 _216
_a574.192
_bFOU 1990
090 _aQD415.A2
_bF68 1980g
245 0 0 _aFoundation stones of biochemistry :
_bclassical papers on enzymes and pH /
_ctranslated and edited by T.R. Caine Boyde.
260 _aHong Kong :
_bVoile et Aviron,
_c1990
300 _a316 p. :
_bill. ;
_c23 cm.
500 _aErrata sheet.
504 _aIncludes bibliographical references.
650 0 _aBiochemistry.
_936451
650 0 _aEnzymes.
_936452
650 0 _aHydrogen-ion concentration.
_936453
700 1 _aBoyde, T. R. Caine.
_936454
942 _2ddc
_cBK
999 _c11770
_d11770